000 00202 a2200097 4500
001 17484
100 _aMelsa J L
245 _aLinear control systems
260 _a
_bNew York
_c
090 _c12924
_d12924
942 _aNUST-CAE
_cM
_c3252
999 _c252557
_d252557